| 000 | 00595nam a22001937a 4500 | ||
|---|---|---|---|
| 003 | OSt | ||
| 005 | 20260204035826.0 | ||
| 008 | 260204b |||||||| |||| 00| 0 eng d | ||
| 020 | _a978-971-0445-12-7. | ||
| 040 |
_aDWC-Main lib _cOC |
||
| 082 | _aFil. 160 Um49l 2007 | ||
| 100 | _aUmali, Pepe S. M. | ||
| 245 |
_aLogic : _bThe art of living with a reason _cPepe S. M. Umali |
||
| 260 |
_aManila : _bMindshapers Co., Inc., _cc2007. |
||
| 300 |
_ax, 214 pages : _billustration ; _c22 cm. |
||
| 504 | _aIncludes bibliographical references. | ||
| 650 | _a1. Logic. | ||
| 942 |
_2ddc _cBK - FIL _kFil. _n0 |
||
| 999 |
_c8255 _d8255 |
||